| 000 | 00499nam a2200181Ia 4500 | ||
|---|---|---|---|
| 999 |
_c29146 _d29146 |
||
| 003 | OSt | ||
| 005 | 20210104092828.0 | ||
| 008 | 190216s9999||||xx |||||||||||||| ||und|| | ||
| 020 | _a9788171300426 | ||
| 040 | _coclc | ||
| 082 |
_a894.8121 _bKUR/S |
||
| 100 |
_aKurup, O N V _97466 |
||
| 245 | 0 |
_aSarngakappakshikal / _cO N V Kurup |
|
| 260 |
_bD C Books, _aKottayam: _c2005. |
||
| 300 | _a140p | ||
| 650 | _aKavithkal | ||
| 942 |
_cBK _2ddc _h894.8121 _iKUR/S _k894.8121 _mKUR/S |
||